Labour Party MPs 2015 - Statistics

General Stats
  • This quiz has been taken 365 times
  • The average score is 57 of 232
Answer Stats
Constituency First Elected Answer % Correct
Islington North 1983 Jeremy Corbyn
91%
Doncaster North 2005 Ed Miliband
80%
Oxford East 1987 Andrew Smith
78%
Penistone and Stocksbridge 2010 Angela Smith
78%
Lancaster and Fleetwood 2015 Catherine Smith
78%
Manchester Withington 2015 Jeff Smith
78%
Bristol South 2015 Karin Smyth
78%
Blaenau Gwent 2010 Nick Smith
78%
Pontypridd 2010 Owen Smith
78%
Bolsover 1970 Dennis Skinner
76%
Hackney North and Stoke Newington 1987 Diane Abbott
76%
Bassetlaw 2001 John Mann
73%
Great Grimsby 2015 Melanie Onn
70%
Burnley 2015 Julie Cooper
69%
West Lancashire 2005 Rosie Cooper
69%
Normanton, Pontefract and Castleford 1997 Yvette Cooper
69%
Leigh 2001 Andy Burnham
63%
Camberwell and Peckham 1982 Harriet Harman
56%
Leeds Central 1999 Hilary Benn
56%
Holborn and St Pancras 2015 Kier Starmer
55%
Tooting 2005 Sadiq Khan
52%
Wallasey 1992 Angela Eagle
51%
Tottenham 2000 David Lammy
51%
Islington South and Finsbury 2005 Emily Thornberry
51%
Leicester West 2010 Liz Kendall
51%
West Ham 2005 Lyn Brown
51%
Garston and Halewood 2005 Maria Eagle
51%
Newcastle Upon Tyne East 1997 Nick Brown
51%
Birmingham Yardley 2015 Jess Phillips
50%
Derby South 1983 Margaret Beckett
50%
Streatham 2010 Chuka Umunna
49%
Merthyr Tydfil and Rhymney 2015 Gerald Jones
48%
Hyndburn 2010 Graham Jones
48%
Warrington North 1997 Helen Jones
48%
North Durham 2001 Kevan Jones
48%
Clwyd South 2010 Susan Elan Jones
48%
Wigan 2010 Lisa Nandy
45%
West Bromwich East 2001 Tom Watson
45%
Ashton-under-Lyne 2015 Angela Rayner
44%
Hayes and Harlington 1997 John McDonnell
44%
Norwich South 2015 Clive Lewis
42%
Bury South 1997 Ivan Lewis
42%
Batley and Spen 2015 Jo Cox
42%
Kingston Upon Hull West and Hessle 1997 Alan Johnson
41%
Kingston Upon Hull North 2005 Diana Johnson
41%
Stoke-on-Trent Central 2010 Tristram Hunt
41%
Leicester East 1987 Keith Vaz
40%
Walsall South 2010 Valerie Vaz
39%
Salford and Eccles 2015 Rebecca Long Bailey
38%
Barking 1994 Margaret Hodge
37%
Walthamstow 2010 Stella Creasy
37%
Aberavon 2015 Stephen Kinnock
37%
Ilford North 2015 Wes Streeting
37%
Vauxhall 1989 Kate Hoey
36%
Exeter 1997 Ben Bradshaw
34%
Edinburgh South 2010 Ian Murray
34%
City of Durham 2005 Roberta Blackman-Woods
34%
Don Valley 1997 Caroline Flint
33%
Brent Central 2015 Dawn Butler
33%
Birkenhead 1979 Frank Field
33%
Enfield North 2015 Joan Ryan
33%
Liverpool Wavertree 2010 Luciana Berger
33%
Stretford and Urmston 2010 Kate Green
32%
Leeds West 2010 Rachel Reeves
31%
Ashfield 2010 Gloria De Piero
30%
West Bromwich West 2000 Adrian Bailey
28%
Barnsley Central 2011 Dan Jarvis
28%
Bethnal Green and Bow 2010 Rushanara Ali
28%
Manchester Central 2012 Lucy Powell
27%
Middlesbrough 2012 Andy McDonald
26%
Manchester, Gorton 1983 Gerald Kaufman
26%
Birmingham, Edgbaston 1997 Gisela Stuart
26%
Ogmore 2002 Huw Irranca-Davies
26%
Leicester South 2011 Jonathan Ashworth
26%
Bradford West 2015 Naz Shah
26%
Leeds East 2015 Richard Burgon
26%
Copeland 2005 Jamie Reed
25%
Bermondsey and Old Southwark 2015 Neil Coyle
25%
Croydon North 2012 Steve Reed
25%
Brent North 1997 Barry Gardiner
24%
Swansea West 2010 Geraint Davies
24%
Torfaen 2015 Nick Thomas-Symonds
24%
Harrow West 1997 Gareth Thomas
23%
Chorley 1997 Lindsay Hoyle
23%
Gedling 1997 Vernon Coaker
23%
Halton 1997 Derek Twigg
22%
Ilford South 1992 Mike Gapes
22%
Nottingham East 2010 Chris Leslie
21%
Cardiff Central 2015 Jo Stevens
21%
Birmingham, Perry Barr 2001 Khalid Mahmood
21%
Sedgefield 2007 Phil Wilson
21%
Birmingham, Ladywood 2010 Shabana Mahmood
21%
Tynemouth 1997 Alan Campbell
20%
Wansbeck 2010 Ian Lavery
20%
Dagenham and Rainham 2010 Jon Cruddas
20%
Wakefield 2005 Mary Creagh
20%
Blyth Valley 1987 Ronnie Campbell
20%
Hampstead and Kilburn 2015 Tulip Siddiq
20%
Caerphilly 2001 Wayne David
20%
Houghton and Sunderland South 2010 Bridget Phillipson
19%
Rhondda 2001 Chris Bryant
19%
Lewisham East 2010 Heidi Alexander
19%
Liverpool, Riverside 1997 Louise Ellman
19%
Doncaster Central 1997 Rosie Winterton
19%
Ealing Central and Acton 2015 Rupa Huq
19%
Hove 2015 Peter Kyle
18%
East Ham 1997 Stephen Timms
18%
Newcastle Upon Tyne Central 2010 Chi Onwurah
17%
Cambridge 2015 Daniel Zeichner
17%
Wolverhampton North East 2010 Emma Reynolds
17%
Blackley and Broughton 2010 Graham Stringer
17%
Wentworth and Dearne 2010 John Healey
17%
Stalybridge and Hyde 2010 Johnny Reynolds
17%
Barrow and Furness 2010 John Woodcock
17%
Oldham West and Royton 1997 Michael Meacher
17%
Bristol West 2015 Thangam Debbonaire
17%
Hornsey and Wood Green 2015 Catherine West
16%
South Shields 2013 Emma Lewell-Buck
16%
Nottingham North 1987 Graham Allen
16%
Luton North 1997 Kelvin Hopkins
16%
Nottingham South 2010 Lilian Greenwood
16%
Wirral West 2015 Margaret Greenwood
16%
Stoke-on-Trent North 2015 Ruth Smeeth
16%
Liverpool, Walton 2010 Steve Rotheram
16%
Chesterfield 2010 Toby Perkins
16%
Ynys Mon 2001 Albert Owen
15%
Huddersfield 1983 Barry Sheerman
15%
Oldham East and Saddleworth 2011 Debbie Abrahams
15%
Birmingham, Erdington 2010 Jack Dromey
15%
Edmonton 2015 Kate Osamor
15%
Stoke-On-Trent South 2005 Rob Flello
15%
Washington and Sunderland West 2010 Sharon Hodgson
15%
Rochdale 2010 Simon Danczuk
15%
Eltham 1997 Clive Efford
14%
Coventry North West 1976 Geoffrey Robinson
14%
Leyton and Wanstead 2010 John Cryer
14%
Hackney South and Shoreditch 2005 Meg Hillier
14%
Llanelli 2005 Nia Griffith
14%
Newport West 1987 Paul Flynn
14%
Southampton Test 1997 Alan Whitehead
13%
Stockton North 2010 Alex Cunningham
13%
Denton and Reddish 2005 Andrew Gwynne
13%
City of Chester 2015 Christian Matheson
13%
Luton South 2010 Gavin Shuker
13%
Easington 2010 Grahame Morris
13%
Coventry South 1997 Jim Cunningham
13%
Hemsworth 1996 Jon Trickett
13%
Westminster North 2010 Karen Buck
13%
Bristol East 2005 Kerry McCarthy
13%
Birmingham, Hodge Hill 2004 Liam Byrne
13%
Sheffield, Heeley 2015 Louise Haigh
13%
Feltham and Heston 2011 Seema Malhotra
13%
Mansfield 1987 Alan Meale
12%
Hammersmith 2010 Andy Slaughter
12%
Redcar 2015 Anna Turley
12%
Blaydon 2005 David Anderson
12%
Leeds North East 1997 Fabian Hamilton
12%
Dudley North 2005 Ian Austin
12%
Wrexham 2001 Ian Lucas
12%
Lewisham West and Penge 1992 Jim Dowd
12%
Bootle 2015 Peter Dowd
12%
York Central 2015 Rachael Maskell
12%
Brentford and Isleworth 2015 Ruth Cadbury
12%
Rotherham 2012 Sarah Champion
12%
Cardiff South and Penarth 2012 Stephen Doughty
12%
Liverpool, West Derby 2010 Stephen Twigg
12%
Swansea East 2015 Carolyn Harris
11%
Halifax 2015 Holly Walker-Lynch
11%
Heywood and Middleton 2014 Liz McInnes
11%
Mitcham and Morden 1997 Siobhain McDonagh
11%
Ealing North 1997 Stephen Pound
11%
Cynon Valley 1984 Ann Clwyd
10%
Islwyn 2010 Christopher Evans
10%
Blackpool South 1997 Gordon Marsden
10%
Bishop Auckland 2005 Helen Goodman
10%
Gateshead 2010 Ian Mearns
10%
Bradford East 2015 Imran Hussain
10%
Poplar and Limehouse 2005 Jim Fitzpatrick
10%
Kingston Upon Hull East 2010 Karl Turner
10%
Bridgend 2005 Madeleine Moon
10%
North East Derbyshire 2005 Natascha Engel
10%
Wolverhampton South East 2005 Pat McFadden
10%
Dewsbury 2015 Paula Sherriff
10%
Wirral South 2010 Alison McGovern
9%
Stockport 1992 Ann Coffey
9%
Darlington 2010 Jenny Chapman
9%
Sunderland Central 2010 Julie Elliott
9%
Rother Valley 1983 Kevin Barron
9%
Alyn and Deeside 2001 Mark Tami
9%
Greenwich and Woolwich 2015 Matthew Pennycook
9%
Scunthorpe 2010 Nic Dakin
9%
Birmingham Northfield 1992 Richard Burden
9%
Birmingham, Hall Green 2010 Roger Godsiff
9%
Birmingham, Selly Oak 2010 Steve McCabe
9%
Lewisham Deptford 2015 Vicky Foxcroft
9%
Newcastle Upon Tyne North 2010 Catherine McKinnell
8%
Coventry North East 2015 Colleen Fletcher
8%
Slough 1997 Fiona Mactaggart
8%
Knowsley 2005 George Howarth
8%
Dulwich and West Norwood 2015 Helen Hayes
8%
Hartlepool 2004 Iain Wright
8%
Cardiff West 2001 Kevin Brennan
8%
Barnsley East 2010 Michael Dugher
8%
Wythenshawe and Sale East 2014 Mike Kane
8%
Sheffield Central 2010 Paul Blomfield
8%
Middlesbrough South and East Cleveland 2010 Tom Blenkinsop
8%
Ealing, Southall 2007 Virendra Sharma
8%
Bolton South East 2010 Yasmin Qureshi
8%
Worsley and Eccles South 2010 Barbara Keeley
7%
Walsall North 1979 David Winnick
7%
Sheffield, Brightside and Hillsborough 2015 Harry Harpham
7%
Bradford South 2015 Judith Cummins
7%
Ellesmere Port and Neston 2015 Justin Madders
7%
North West Durham 2010 Pat Glass
7%
Jarrow 1997 Stephen Hepburn
7%
Erith and Thamesmead 2010 Teresa Pearce
7%
Makerfield 2010 Yvonne Fovargue
7%
Sefton Central 2010 Bill Esterson
6%
Sheffield South East 2010 Clive Betts
6%
St Helens North 2015 Conor McGinn
6%
Newport East 2005 Jessica Morden
6%
Blackburn 2015 Kate Hollern
6%
Preston 2000 Mark Hendrick
6%
Newcastle-Under-Lyme 2001 Paul Farrelly
6%
Neath 2015 Christina Rees
5%
Bolton North East 1997 David Crausby
5%
Warley 1997 John Spellar
5%
St Helens South and Whiston 2015 Marie Rimmer
5%
North Tyneside 2010 Mary Glindon
5%
Workington 2015 Sue Hayman
5%
Delyn 1992 David Hanson
4%
Wolverhampton South West 2015 Rob Marris
3%
No matching quizzes found
Score Distribution
Percent of People with Each Score
Percentile by Number Answered
Your Score History
You have not taken this quiz